<?xml version="1.0" encoding="UTF-8"?><?xml-stylesheet type="text/xsl" href="static/style.xsl"?><OAI-PMH xmlns="http://www.openarchives.org/OAI/2.0/" xmlns:xsi="http://www.w3.org/2001/XMLSchema-instance" xsi:schemaLocation="http://www.openarchives.org/OAI/2.0/ http://www.openarchives.org/OAI/2.0/OAI-PMH.xsd"><responseDate>2026-04-26T20:11:11Z</responseDate><request verb="GetRecord" identifier="oai:uvadoc.uva.es:10324/43879" metadataPrefix="marc">https://uvadoc.uva.es/oai/request</request><GetRecord><record><header><identifier>oai:uvadoc.uva.es:10324/43879</identifier><datestamp>2025-03-26T19:45:07Z</datestamp><setSpec>com_10324_6426</setSpec><setSpec>com_10324_5186</setSpec><setSpec>com_10324_29291</setSpec><setSpec>col_10324_43876</setSpec></header><metadata><record xmlns="http://www.loc.gov/MARC21/slim" xmlns:doc="http://www.lyncode.com/xoai" xmlns:xsi="http://www.w3.org/2001/XMLSchema-instance" xmlns:dcterms="http://purl.org/dc/terms/" xsi:schemaLocation="http://www.loc.gov/MARC21/slim http://www.loc.gov/standards/marcxml/schema/MARC21slim.xsd">
<leader>00925njm 22002777a 4500</leader>
<datafield tag="042" ind1=" " ind2=" ">
<subfield code="a">dc</subfield>
</datafield>
<datafield tag="720" ind1=" " ind2=" ">
<subfield code="a">Barrón García, Aurelio Á.</subfield>
<subfield code="e">author</subfield>
</datafield>
<datafield tag="720" ind1=" " ind2=" ">
<subfield code="a">Aramburu-Zabala Higuera, Miguel Ángel</subfield>
<subfield code="e">author</subfield>
</datafield>
<datafield tag="260" ind1=" " ind2=" ">
<subfield code="c">2019</subfield>
</datafield>
<datafield tag="520" ind1=" " ind2=" ">
<subfield code="a">Francisco Marcos de Velasco, miembro de una familia secundaria de los Velasco, hizo carrera militar junto al Condestable de Castilla, Íñigo Melchor Fernández de Velasco. Acabó siendo castellano de la fortaleza de Amberes y Marqués del Pico de Velasco. Estuvo en tratos con David Teniers III y tuvo numerosas obras de arte flamenco. Sus testamentarios levantaron una de las capillas más suntuosas del momento. Estuvo adornada con un altar y un monumento funerario encargados a Pieter Scheemaeckers. La tumba se encuentra ahora en una capilla de la iglesia de Santiago en Amberes. Además, estudiamos su biblioteca y los cuadros y los tapices que poseyó.</subfield>
</datafield>
<datafield tag="024" ind2=" " ind1="8">
<subfield code="a">BSAA arte; Núm. 85 (2019) pags. 113-150</subfield>
</datafield>
<datafield tag="024" ind2=" " ind1="8">
<subfield code="a">2530-6359</subfield>
</datafield>
<datafield tag="024" ind2=" " ind1="8">
<subfield code="a">1888-9751</subfield>
</datafield>
<datafield tag="024" ind2=" " ind1="8">
<subfield code="a">http://uvadoc.uva.es/handle/10324/43879</subfield>
</datafield>
<datafield tag="024" ind2=" " ind1="8">
<subfield code="a">10.24197/bsaaa.85.2019.113-150</subfield>
</datafield>
<datafield tag="024" ind2=" " ind1="8">
<subfield code="a">113</subfield>
</datafield>
<datafield tag="024" ind2=" " ind1="8">
<subfield code="a">85</subfield>
</datafield>
<datafield tag="024" ind2=" " ind1="8">
<subfield code="a">150</subfield>
</datafield>
<datafield ind1=" " ind2=" " tag="653">
<subfield code="a">Arte</subfield>
</datafield>
<datafield tag="245" ind1="0" ind2="0">
<subfield code="a">Francisco Marcos de Velasco y el arte flamenco: biblioteca, cuadros, tapices y capilla funeraria</subfield>
</datafield>
</record></metadata></record></GetRecord></OAI-PMH>